00399nam a2200145Ia 4500003000400000005001700004008004100021040000900062082002000071100002500091245008000116260004000196300000900236650000800245OSt20201211120341.0190216s9999||||xx |||||||||||||| ||und|| coclc a344.5407bRAO/L aRao, K V Padmanabha  0aLaw Relating To Eduactional Institutions And Students /cK V Padmanabha Rao bKavya Publications,c1978.aMadras: a304p aLaw